| 000 | 00611nam a2200217 a 4500 | ||
|---|---|---|---|
| 008 | |||
| 020 | _a0750623101 (pbk.) | ||
| 049 | _aMAIN | ||
| 090 | _aHF5548.4.W63 | ||
| 100 | _aBrindley, Keith | ||
| 245 |
_aWord perfect made simple/ _ckeith Brindley. |
||
| 260 |
_aOxford : _bMade Simple Books, _c1995 |
||
| 300 |
_aix,150 p. : _bill. ; _c24 cm. |
||
| 440 | _aMade simple computer books . | ||
| 500 | _aIncludes index. | ||
| 907 |
_a.b10109547 _b27-02-04 _c06-02-04 |
||
| 003 | |||
| 005 | 20230123133618.0 | ||
| 040 | _cNUST | ||
| 942 |
_cBOOKS _kHF5548.4.W63 |
||
| 999 |
_c151606 _d151606 |
||